000 00522nam a2200193Ia 4500
003 GCL
008 140319s9999 xx 000 0 eng d
040 _aGCL /
_cGCL
082 0 4 _a693.542
_bH F
100 1 _aHILAL, M.
245 1 0 _aFUNDAMENTALS OF REINFORCED AND PRESTRESSED CONCRETE /
_cHILAL, M.
260 _a[S.N] :
_bJ.MARCOU & CO ،
_c1993
300 _a551 P
650 0 4 _aCONCRETE
650 0 4 _aPRESTRESSED CONCRETE
650 0 4 _aSTRUCTURAL ENGINEERING
650 0 4 _aREINFORCED CONCRETE
942 _2ddc
_cBK
999 _c12508
_d12508